那些年,我們一起追的女孩

資料類型: Book 圖書   書目號:44109

Leader xxxxxxxxxx
001 __ PCLIS00044109
005 __ 20220112134127.0
010 0_ |a986-7135-57-1|b平裝|dNT$260
010 0_ |a978-986-7135-57-5|b平裝|dNT$260
100 __ |a20111124d2006    m  y0chiy09      e
101 0_ |achi
102 __ |atw
105 __ |aa   z   000ay
200 1_ |a那些年,我們一起追的女孩|f九把刀著
205 __ |a初版
210 __ |a臺北市|c春天出版|a臺北縣新店市|c楨德圖書總經銷|d2011[民100]印刷
215 0_ |a285, [2]面|c部分彩圖|d21公分|e1 CD
225 2_ |a愛九把刀|v4
300 __ |a電影書衣版
306 __ |a2011年409刷
410 _0 |12001 |a愛九把刀|v4
681 __ |a857.7|b8656
700 _0 |a九把刀|4801 _0 |atw|b內湖高中|c20111124|gCCR
  
詳細館藏(共 1 筆)
索 書 號登 錄 號冊次號館別 / 館藏地流通類型狀態加入預約清單電子資源
857.7 / 8656 1019337  圖書館 / 一樓普通區 可外借30天 在館   

| 條列資料




目錄查詢 分類查詢 個人資料 圖書薦購 新書查詢 閉館日 排行榜 更多電子資源 Hami書城 線上資料庫 登出

From : 216.73.217.52

  本日流通累計至 16:13:07 借閱 : 0 次 續借 : 0 次 歸還 : 0 次 預約 : 0 次 電子資源 : 0 次


內湖高中圖書館  PCLIS 版本  26.5.0.12